Personální benchmarking

Vymedzenie pojmu benchmarking. Realizácia benchmarkingu v Českej republike. Personálny benchmarking a riadenie ľudských zdrojov. Medzinárodné porovnanie personálnych oddelení v rámci jedného odvetvia s vybranými európskymi krajinami.

Guardado en:
Detalles Bibliográficos
Formato: Capítulo de libro
Lenguaje:checo
Materias:
Etiquetas: Agregar Etiqueta
Sin Etiquetas, Sea el primero en etiquetar este registro!

MARC

LEADER 00000naa a2200000 4500
001 r034371
005 20231002100049.8
041 0 |a cze 
044 |a CZ 
245 1 0 |a Personální benchmarking 
520 |a Vymedzenie pojmu benchmarking. Realizácia benchmarkingu v Českej republike. Personálny benchmarking a riadenie ľudských zdrojov. Medzinárodné porovnanie personálnych oddelení v rámci jedného odvetvia s vybranými európskymi krajinami. 
610 2 0 |a benchmarking 
610 2 0 |a riadenie strategické 
610 2 0 |a riadenie zmien 
610 2 0 |a zdroje ľudské 
610 2 0 |a personalistika 
610 2 0 |a systémy informačné 
610 2 0 |a Česko 
610 2 0 |a Európa